00818nam a2200229 a 45000010005000000030005000050050017000100080041000270200015000680400020000831000024001032450119001272600027002463000011002734900029002846500041003136500040003546500070003949420013004649990015004779520096004922359CDMR20131203113436.0130130s1985||||||||||||||||||||||||||||d a8434410443 aCDMRbcatcCDMR1 aSaperas, Enric989813aLa sociología de la comunicación de masas en los Estados Unidosb: una introducción críticacEnric Saperas aBarcelonac1985bAriel a280 p.0 aAriel Comunicaciónv450491460aSociologia de la comunicació0493284aComunicacióxInvestigació0493267aMitjans de comunicació de massazEstats Units d'Amèrica cMON2udc c2359d2359 00104070aCDMRbCDMRd2013-01-16l0oCc 5/10pCDMR1312613236r2013-01-16w2013-01-16yMON